The Nervous system. (Record no. 5305)

MARC details
000 -LEADER
fixed length control field 00580nam a22001937a 4500
003 - CONTROL NUMBER IDENTIFIER
control field OSt
005 - DATE AND TIME OF LATEST TRANSACTION
control field 20161004141308.0
008 - FIXED-LENGTH DATA ELEMENTS--GENERAL INFORMATION
fixed length control field 161004b xxu||||| |||| 00| 0 eng d
020 ## - INTERNATIONAL STANDARD BOOK NUMBER
International Standard Book Number 0443071799
040 ## - CATALOGING SOURCE
Transcribing agency DNLM.
082 ## - DEWEY DECIMAL CLASSIFICATION NUMBER
Classification number WL101M582n 2007
100 ## - MAIN ENTRY--PERSONAL NAME
Personal name Micheal-Titus,Adina;Revest,Patricia;shortland,Peter;
9 (RLIN) 11140
245 ## - TITLE STATEMENT
Title The Nervous system.
Remainder of title Basic science and Clinical Conditions.
260 ## - PUBLICATION, DISTRIBUTION, ETC. (IMPRINT)
Place of publication, distribution, etc. London.
Name of publisher, distributor, etc. Churchill Livingstone;
Date of publication, distribution, etc. 2007.
300 ## - PHYSICAL DESCRIPTION
Extent ix,371p;
Other physical details col,ill;
Dimensions 28cm.
504 ## - BIBLIOGRAPHY, ETC. NOTE
Bibliography, etc includes index.
650 ## - SUBJECT ADDED ENTRY--TOPICAL TERM
Topical term or geographic name as entry element Nervous Systems.
9 (RLIN) 11141
942 ## - ADDED ENTRY ELEMENTS (KOHA)
Source of classification or shelving scheme Other/Generic Classification Scheme
Koha item type Open Shelf
Holdings
Withdrawn status Lost status Source of classification or shelving scheme Damaged status Not for loan Home library Current library Date acquired Source of acquisition Inventory number Total Checkouts Full call number Barcode Date last seen Price effective from Koha item type
    Other/Generic Classification Scheme     MUST Main Library MUST Main Library 04/10/2016   11/35269   WL101M582n 2007 2016-4605 04/10/2016 04/10/2016 Open Shelf